000 01274nam a2200229Ia 4500
003 Ost
005 20260507075609.0
008 260507s9999||||xx |||||||||||||| ||und||
040 _cfsecg
041 _aara
082 _a332.4
100 _aمحمد، محمود يونس
_eمؤلف
245 0 _aالنقود والمصارف والتجارة الدولية :
_bسياسة تقييد التجارة الخارجية - التكامل الاقتصادي - ميزان المدفوعات وسعر الصرف /
_c محمود يونس محمد
260 _aالإسكندرية :
_bدار التعليم الجامعي,
_c2018
300 _a352 صفحة؛
_bإيضاحات ؛
_c24 سم
520 _aتناول هذا الكتاب بموضوع النقود والمصارف والتجارة الدولية، حيث تحدث من خلال فصوله عن سياسة تقييد التجارة الخارجية والتكامل الاقتصادي ، بالإضافة إلى ميزان المدفوعات وسعر الصرف.
653 _aالتجارة الدولية
653 _aالنقود والبنوك
700 _aالفيل، أسامة أحمد
_eمؤلف ثانوي
700 _aنجا، علي عبد الوهاب
_eمؤلف ثانوي
942 _cكتاب
999 _c45058
_d45058